000 00480nam a2200157Ia 4500
005 20250321115856.0
008 231217s9999 xx 000 0 und d
020 _a9788132100751
082 _a658.301 CHA;1 R
100 _aChanda, Ashok. Shen, Jic.
245 0 _aHRM strategic integration and organizational performance
260 _c2009
_bResponse Books
_aNew Delhi
300 _axxiv, 384
650 _aHRM,strategic,integration,organizational,performance
942 _cAA
999 _c184356
_d184356